JRと私鉄が両方通る町村 - Statistics

General Stats
  • This quiz has been taken 328 times
  • The average score is 22 of 44
Answer Stats
ヒント 答え
路線
% Correct
北海道 木古内町 JR北海道新幹線・道南いさりび鉄道線
81%
青森県 野辺地町 JR大湊線、青い森鉄道線
69%
神奈川県 松田町 JR御殿場線、小田急小田原線
65%
埼玉県 小川町 JR八高線、東武東上線
64%
埼玉県 寄居町 JR八高線、東武東上線他
62%
奈良県 王寺町 JR関西本線他、近鉄生駒線他
62%
鳥取県 智頭町 JR因美線、智頭急行線
61%
香川県 琴平町 JR土讃線、ことでん琴平線
61%
石川県 津幡町 JR七尾線、IRいしかわ鉄道線
60%
岩手県 岩手町 JR東北新幹線、IGRいわて銀河鉄道線
57%
大阪府 島本町 JR東海道本線、阪急京都本線
57%
京都府 大山崎町 JR東海道本線、阪急京都本線
56%
青森県 大鰐町 JR奥羽本線、弘南鉄道大鰐線
55%
青森県 田舎館村 JR奥羽本線他、弘南鉄道弘南線
55%
埼玉県 越生町 JR八高線、東武越生線
54%
長野県 軽井沢町 JR北陸新幹線、しなの鉄道しなの線
54%
兵庫県 播磨町 JR山陽本線、山陽電鉄本線
54%
千葉県 酒々井町 JR成田線他、京成本線
52%
京都府 精華町 JR片町線、近鉄京都線
52%
鳥取県 八頭町 JR因美線、若桜鉄道線
52%
香川県 まんのう町 JR土讃線、ことでん琴平線
51%
高知県 四万十町 JR土讃線他、土佐くろしお鉄道中村線
51%
愛知県 蟹江町 JR関西本線、近鉄名古屋線
50%
愛知県 武豊町 JR武豊線、名鉄河和線他
49%
三重県 朝日町 JR関西本線、近鉄名古屋線
49%
大阪府 田尻町 JR関西空港線、南海空港線他
49%
兵庫県 上郡町 JR山陽本線、智頭急行線
49%
高知県 いの町 JR土讃線、とさでん交通伊野線
49%
静岡県 函南町 JR東海道本線、十国鋼索線
48%
兵庫県 佐用町 JR姫新線、智頭急行線
48%
佐賀県 基山町 JR鹿児島本線、甘木鉄道線
46%
愛媛県 松前町 JR予讃線、伊予鉄道郡中線
45%
徳島県 海陽町 JR牟岐線、阿佐海岸鉄道阿佐東線
43%
宮城県 柴田町 JR東北本線、阿武隈急行線
42%
佐賀県 有田町 JR佐世保線、松浦鉄道西九州線
41%
山形県 川西町 JR米坂線、山形鉄道フラワー長井線
40%
埼玉県 毛呂山町 JR八高線、東武越生線
40%
奈良県 三郷町 JR関西本線、近鉄生駒線
40%
熊本県 南阿蘇村 JR豊肥本線、南阿蘇鉄道線
37%
福岡県 新宮町 JR鹿児島本線、西鉄貝塚線
35%
青森県 外ヶ浜町 JR津軽線・青函トンネル竜飛斜坑線
33%
福岡県 香春町 JR日田英彦山線、平成筑豊鉄道田川線
26%
熊本県 芦北町 JR肥薩線、肥薩おれんじ鉄道線
22%
福岡県 小竹町 JR筑豊本線、平成筑豊鉄道伊田線
19%
No matching quizzes found
Score Distribution
Percent of People with Each Score
Percentile by Number Answered
Your Score History
You have not taken this quiz